000 00491nmm a2200169Ia 4500
008 251105s9999||||xx |||||||||||||||||und||
020 _a9781935242802
041 _aspa
100 _aNavajas, Gonzalo
245 0 _aLa destrucción de la urbe
264 _a[Washington, Estados Unidos] :
_bDigitalia Publishing,
_c2011
300 _a294 páginas
490 _aFicciones Siglo XXI
650 _aSpanish narrative
856 _uhttps://public.digitaliapublishing.com/a/1399
942 _cCF
999 _c75349
_d75349